[Event "EYCC 2024 - G12"]
[Site "?"]
[Date "2024.08.23"]
[Round "2.9"]
[White "Berezovskii, Arina"]
[Black "Lampou, Marianta"]
[Result "0-1"]
[BlackElo "1777"]
[WhiteElo "1647"]
[LiveChessVersion "1.4.8"]

1. e4 {[%clk 1:30:59]} c6 {[%clk 1:30:51]} 2. d4 {[%clk 1:31:24]} d5
{[%clk 1:31:16]} 3. exd5 {[%clk 1:31:46]} cxd5 {[%clk 1:31:40]} 4. Bd3
{[%clk 1:32:09]} Nc6 {[%clk 1:31:57]} 5. c3 {[%clk 1:32:35]} Nf6 {[%clk 1:32:20]}
6. Bf4 {[%clk 1:32:42]} Bg4 {[%clk 1:32:43]} 7. Qb3 {[%clk 1:32:59]} Qd7
{[%clk 1:32:49]} 8. h3 {[%clk 1:30:21]} Bh5 {[%clk 1:31:07]} 9. Ne2
{[%clk 1:26:50]} e6 {[%clk 1:27:52]} 10. O-O {[%clk 1:25:41]} Bd6
{[%clk 1:20:58]} 11. Bxd6 {[%clk 1:21:40]} Qxd6 {[%clk 1:20:53]} 12. Nd2
{[%clk 1:19:13]} O-O {[%clk 1:18:36]} 13. Ng3 {[%clk 1:18:46]} Bg6
{[%clk 1:17:04]} 14. Bxg6 {[%clk 1:18:27]} hxg6 {[%clk 1:17:17]} 15. Nf3
{[%clk 1:15:03]} Na5 {[%clk 1:16:30]} 16. Qc2 {[%clk 1:13:02]} Nc4
{[%clk 1:07:42]} 17. Rfe1 {[%clk 1:07:23]} Qb6 {[%clk 1:06:10]} 18. Rab1
{[%clk 1:06:18]} Rac8 {[%clk 0:51:25]} 19. Qe2 Qa6 20. b3 {[%clk 0:56:54]} Nd6
{[%clk 0:47:57]} 21. Qxa6 {[%clk 0:55:44]} bxa6 {[%clk 0:47:10]} 22. Rbc1
{[%clk 0:50:26]} Rc7 {[%clk 0:44:28]} 23. Rc2 {[%clk 0:43:14]} Rfc8
{[%clk 0:34:29]} 24. Rec1 {[%clk 0:24:57]} Nb5 {[%clk 0:34:15]} 25. c4
{[%clk 0:15:50]} Na3 {[%clk 0:34:20]} 26. Rb2 {[%clk 0:14:02]} dxc4
{[%clk 0:33:18]} 27. bxc4 {[%clk 0:11:35]} Nxc4 {[%clk 0:33:02]} 28. Rbc2
{[%clk 0:08:20]} Nd5 {[%clk 0:30:53]} 29. Ne4 {[%clk 0:07:35]} Ncb6
{[%clk 0:31:18]} 30. Rxc7 {[%clk 0:07:41]} Rxc7 {[%clk 0:29:05]} 31. Nc5
{[%clk 0:06:46]} Na4 {[%clk 0:28:24]} 32. Rb1 {[%clk 0:04:54]} Nxc5
{[%clk 0:27:50]} 33. dxc5 {[%clk 0:03:28]} Kf8 34. Ne5 Ke7 {[%clk 0:26:03]} 35.
Rc1 {[%clk 0:02:36]} g5 {[%clk 0:22:18]} 36. Rc4 {[%clk 0:02:33]} f6
{[%clk 0:22:24]} 37. Nd3 {[%clk 0:02:37]} Nf4 {[%clk 0:21:32]} 38. Nb4
{[%clk 0:01:06]} a5 {[%clk 0:19:45]} 39. Nc2 {[%clk 0:01:01]} Nd3
{[%clk 0:19:33]} 40. Nd4 {[%clk 0:00:35]} Rxc5 {[%clk 0:15:33]} 41. Rxc5
{[%clk 0:00:45]} Nxc5 {[%clk 0:15:58]} 42. Nc6+ {[%clk 0:01:05]} Kd6
{[%clk 0:16:00]} 43. Nxa7 {[%clk 0:01:15]} Ne4 {[%clk 0:13:56]} 44. Nb5+
{[%clk 0:01:16]} Kc5 {[%clk 0:14:13]} 45. Nc7 {[%clk 0:01:35]} e5
{[%clk 0:14:38]} 46. Ne6+ {[%clk 0:01:59]} Kb4 {[%clk 0:14:55]} 47. Nxg7
{[%clk 0:02:10]} Ka3 {[%clk 0:14:46]} 48. Kf1 Kxa2 49. Nf5 {[%clk 0:02:24]} Kb3
{[%clk 0:14:19]} 50. f3 {[%clk 0:02:30]} Nc3 {[%clk 0:14:15]} 51. Ng7
{[%clk 0:01:19]} a4 {[%clk 0:14:34]} 52. Ne6 {[%clk 0:01:44]} a3 {[%clk 0:14:44]}
53. Nc5+ {[%clk 0:02:18]} Kc4 {[%clk 0:14:41]} 54. Nb7 {[%clk 0:02:18]} a2
{[%clk 0:14:41]} 55. Na5+ {[%clk 0:02:42]} Kb4 {[%clk 0:14:55]} 56. Nc6+
{[%clk 0:03:06]} Kc5 0-1

[Event "EYCC 2024 - G12"]
[Site "?"]
[Date "2024.08.23"]
[Round "2.10"]
[White "Biro, Csilla"]
[Black "Bassari, Senem Gul"]
[Result "0-1"]
[BlackElo "1774"]
[WhiteElo "1639"]
[LiveChessVersion "1.4.8"]

1. e4 {[%clk 1:30:57]} c5 {[%clk 1:30:39]} 2. Nc3 {[%clk 1:30:59]} Nc6
{[%clk 1:30:42]} 3. g3 {[%clk 1:30:52]} d6 {[%clk 1:30:43]} 4. Bg2
{[%clk 1:30:18]} g6 {[%clk 1:30:49]} 5. d3 {[%clk 1:29:23]} Bg7 {[%clk 1:31:04]}
6. Be3 {[%clk 1:28:53]} Rb8 {[%clk 1:31:13]} 7. Nge2 {[%clk 1:27:22]} Nd4
{[%clk 1:31:15]} 8. O-O {[%clk 1:21:23]} e6 {[%clk 1:31:31]} 9. Qd2
{[%clk 1:20:43]} b5 {[%clk 1:31:06]} 10. a3 {[%clk 1:17:28]} a5 {[%clk 1:29:35]}
11. Nd1 {[%clk 1:11:27]} Ne7 {[%clk 1:28:21]} 12. Nxd4 {[%clk 1:07:08]} cxd4
{[%clk 1:28:24]} 13. Bh6 {[%clk 1:06:41]} O-O {[%clk 1:28:36]} 14. h4
{[%clk 1:06:11]} e5 {[%clk 1:15:12]} 15. h5 {[%clk 1:02:45]} Be6 {[%clk 0:56:08]}
16. Bxg7 {[%clk 0:50:45]} Kxg7 {[%clk 0:56:20]} 17. f4 {[%clk 0:50:04]} f5
{[%clk 0:49:08]} 18. g4 {[%clk 0:39:12]} fxe4 {[%clk 0:37:53]} 19. f5
{[%clk 0:36:05]} e3 {[%clk 0:34:07]} 20. Nxe3 {[%clk 0:35:03]} dxe3
{[%clk 0:25:58]} 21. Qxe3 {[%clk 0:35:25]} gxf5 {[%clk 0:21:07]} 22. Qg5+
{[%clk 0:32:48]} Kh8 {[%clk 0:17:27]} 23. gxf5 {[%clk 0:30:41]} Nxf5
{[%clk 0:16:27]} 24. Qd2 {[%clk 0:28:36]} Qb6+ {[%clk 0:14:50]} 25. Kh2
{[%clk 0:27:59]} Qe3 {[%clk 0:11:47]} 26. Qxa5 {[%clk 0:25:16]} Qg3+
{[%clk 0:11:43]} 0-1

[Event "EYCC 2024 - G12"]
[Site "?"]
[Date "2024.08.23"]
[Round "2.11"]
[White "Tolmaceva, Alona"]
[Black "Goncalves, Beatriz M A C Nunes"]
[Result "1-0"]
[BlackElo "1615"]
[WhiteElo "1766"]
[LiveChessVersion "1.4.8"]

1. d4 {[%clk 1:30:57]} d5 {[%clk 1:30:54]} 2. Bf4 {[%clk 1:31:15]} Nf6
{[%clk 1:30:55]} 3. e3 {[%clk 1:29:17]} e6 {[%clk 1:29:39]} 4. Nd2
{[%clk 1:29:16]} c5 {[%clk 1:29:14]} 5. c3 {[%clk 1:29:22]} Nc6 {[%clk 1:28:53]}
6. Ngf3 {[%clk 1:29:13]} Bd6 {[%clk 1:28:35]} 7. Bg3 {[%clk 1:28:20]} O-O
{[%clk 1:28:39]} 8. Bb5 {[%clk 1:27:13]} a6 {[%clk 1:19:54]} 9. Bxc6
{[%clk 1:24:28]} bxc6 {[%clk 1:20:17]} 10. Qa4 {[%clk 1:20:16]} Qc7
{[%clk 1:17:21]} 11. dxc5 {[%clk 1:13:57]} Bxg3 {[%clk 1:17:36]} 12. hxg3
{[%clk 1:14:19]} e5 {[%clk 1:14:39]} 13. e4 {[%clk 0:35:37]} Bb7 {[%clk 0:59:41]}
14. Qc2 {[%clk 0:33:30]} Rfe8 {[%clk 0:53:44]} 15. Kf1 {[%clk 0:22:55]} Qa5
{[%clk 0:41:34]} 16. b4 {[%clk 0:21:16]} Qb5+ {[%clk 0:37:08]} 17. Kg1
{[%clk 0:21:26]} a5 {[%clk 0:34:14]} 18. a4 {[%clk 0:17:30]} Qa6 {[%clk 0:32:10]}
19. exd5 {[%clk 0:13:59]} cxd5 {[%clk 0:32:05]} 20. b5 {[%clk 0:14:10]} Qe6
{[%clk 0:31:28]} 21. Ng5 {[%clk 0:13:48]} Qc8 {[%clk 0:27:47]} 22. c6
{[%clk 0:13:48]} Bxc6 {[%clk 0:28:08]} 23. bxc6 {[%clk 0:14:13]} e4
{[%clk 0:26:55]} 24. Nb3 {[%clk 0:10:35]} h6 {[%clk 0:25:18]} 25. Nh3
{[%clk 0:10:29]} Qxc6 {[%clk 0:21:55]} 26. Nd4 {[%clk 0:10:30]} Qb6
{[%clk 0:19:59]} 27. Rb1 {[%clk 0:09:52]} Qc5 {[%clk 0:17:28]} 28. Rb5
{[%clk 0:07:53]} Qa3 {[%clk 0:17:50]} 29. Nf4 {[%clk 0:06:58]} Ng4
{[%clk 0:15:33]} 30. Rh4 {[%clk 0:03:23]} Nf6 {[%clk 0:12:40]} 31. Nxd5
{[%clk 0:01:39]} Nxd5 {[%clk 0:11:43]} 32. Rxd5 {[%clk 0:02:02]} Qa1+
{[%clk 0:11:32]} 33. Kh2 {[%clk 0:02:25]} Qe1 {[%clk 0:10:57]} 34. c4
{[%clk 0:01:08]} Rab8 {[%clk 0:09:52]} 35. Qe2 {[%clk 0:00:55]} Qa1
{[%clk 0:08:17]} 36. Rxe4 {[%clk 0:00:55]} Rec8 {[%clk 0:07:45]} 37. Rde5
{[%clk 0:00:42]} Rb1 {[%clk 0:07:25]} 38. Re8+ {[%clk 0:01:02]} Rxe8
{[%clk 0:07:45]} 39. Rxe8+ {[%clk 0:01:29]} Kh7 {[%clk 0:08:08]} 40. Qe4+
{[%clk 0:01:20]} g6 {[%clk 0:07:40]} 41. g4 {[%clk 0:01:33]} Rh1+
{[%clk 0:07:49]} 42. Kg3 {[%clk 0:01:59]} Qa3+ {[%clk 0:08:00]} 43. Nf3
{[%clk 0:01:12]} Qd6+ {[%clk 0:05:19]} 44. Qe5 {[%clk 0:01:22]} Qxe5+
{[%clk 0:04:59]} 45. Rxe5 {[%clk 0:01:42]} Rc1 {[%clk 0:05:16]} 46. Rxa5
{[%clk 0:01:32]} Rxc4 {[%clk 0:05:41]} 47. Ra7 {[%clk 0:01:44]} Kg7
{[%clk 0:05:42]} 48. Ne5 {[%clk 0:01:43]} Rc3+ {[%clk 0:05:53]} 49. f3
{[%clk 0:02:08]} Kf6 {[%clk 0:05:57]} 50. Nxf7 {[%clk 0:02:18]} Rc5
{[%clk 0:04:39]} 51. Nxh6 {[%clk 0:02:19]} Kg5 {[%clk 0:03:56]} 52. f4+
{[%clk 0:01:16]} Kxh6 {[%clk 0:04:06]} 53. g5+ {[%clk 0:01:42]} Kh5
{[%clk 0:04:09]} 54. Rh7# {[%clk 0:02:06]} 1-0

[Event "EYCC 2024 - G12"]
[Site "?"]
[Date "2024.08.23"]
[Round "2.12"]
[White "Milovic, Sofija"]
[Black "Owczarek, Hanna"]
[Result "0-1"]
[BlackElo "1742"]
[WhiteElo "1617"]
[LiveChessVersion "1.4.8"]

1. e4 {[%clk 1:30:51]} c5 {[%clk 1:30:53]} 2. Be2 {[%clk 1:31:04]} Nc6
{[%clk 1:31:07]} 3. f4 {[%clk 1:31:03]} g6 {[%clk 1:31:07]} 4. Nf3
{[%clk 1:31:10]} Bg7 {[%clk 1:31:03]} 5. c3 {[%clk 1:31:08]} d5 {[%clk 1:25:20]}
6. d3 {[%clk 1:30:31]} e6 {[%clk 1:24:19]} 7. O-O {[%clk 1:28:55]} Nge7
{[%clk 1:24:01]} 8. a4 {[%clk 1:28:15]} O-O {[%clk 1:22:57]} 9. Qe1
{[%clk 1:27:24]} b6 {[%clk 1:21:48]} 10. Qh4 {[%clk 1:24:43]} Bb7
{[%clk 1:17:51]} 11. Ng5 {[%clk 1:23:00]} h6 {[%clk 1:14:54]} 12. Nf3
{[%clk 1:20:58]} Qd7 {[%clk 1:08:50]} 13. f5 {[%clk 1:03:32]} exf5
{[%clk 0:48:57]} 14. Bxh6 {[%clk 1:02:21]} f6 {[%clk 0:47:33]} 15. exd5
{[%clk 0:55:56]} Nxd5 {[%clk 0:44:07]} 16. d4 {[%clk 0:54:07]} Bxh6
{[%clk 0:40:39]} 17. Qxh6 {[%clk 0:53:07]} Qg7 {[%clk 0:40:16]} 18. Qxg7+
{[%clk 0:52:18]} Kxg7 {[%clk 0:40:34]} 19. dxc5 {[%clk 0:48:44]} bxc5
{[%clk 0:35:26]} 20. Nbd2 {[%clk 0:44:17]} Ne3 {[%clk 0:31:08]} 21. Rfc1
{[%clk 0:43:51]} Rac8 {[%clk 0:26:37]} 22. Nc4 {[%clk 0:39:19]} Nxc4
{[%clk 0:22:46]} 23. Bxc4 {[%clk 0:38:55]} Ne5 {[%clk 0:21:15]} 24. Be2
{[%clk 0:38:08]} Rfe8 {[%clk 0:19:28]} 25. Rd1 {[%clk 0:37:23]} Rc7
{[%clk 0:18:13]} 26. Nd2 {[%clk 0:32:29]} Bd5 {[%clk 0:12:19]} 27. Bb5
{[%clk 0:20:57]} Bc6 {[%clk 0:09:13]} 28. Bxc6 {[%clk 0:20:29]} Rxc6
{[%clk 0:09:06]} 29. Nf3 {[%clk 0:18:41]} Nxf3+ {[%clk 0:06:29]} 30. gxf3
{[%clk 0:18:51]} Rc7 {[%clk 0:06:03]} 31. Re1 {[%clk 0:18:09]} Rb8
{[%clk 0:05:42]} 32. Re2 {[%clk 0:18:00]} Rcb7 {[%clk 0:05:12]} 33. Rb1
{[%clk 0:17:58]} Kf7 {[%clk 0:05:15]} 34. Kf2 {[%clk 0:17:18]} Rb3
{[%clk 0:05:08]} 35. Rc2 {[%clk 0:17:13]} f4 {[%clk 0:03:54]} 36. Ke2
{[%clk 0:16:46]} Ke6 {[%clk 0:03:14]} 37. Kd3 {[%clk 0:16:17]} Kd5
{[%clk 0:03:17]} 38. Re2 {[%clk 0:15:26]} R3b7 {[%clk 0:02:23]} 39. Kc2
{[%clk 0:14:25]} c4 {[%clk 0:01:57]} 40. Re4 {[%clk 0:13:17]} g5 {[%clk 0:01:55]}
41. Re2 {[%clk 0:12:11]} Kc5 {[%clk 0:01:29]} 42. Re6 {[%clk 0:10:00]} Rb6
{[%clk 0:01:43]} 43. Rxb6 {[%clk 0:09:51]} axb6 {[%clk 0:01:33]} 44. Rd1
{[%clk 0:05:46]} Re8 {[%clk 0:01:23]} 45. Rd2 {[%clk 0:05:30]} Re3
{[%clk 0:01:36]} 46. Rf2 {[%clk 0:05:30]} Kc6 {[%clk 0:00:49]} 47. Kb1
{[%clk 0:04:56]} Kb7 {[%clk 0:00:51]} 48. Ka2 {[%clk 0:04:29]} Ka6
{[%clk 0:01:17]} 49. Ka3 {[%clk 0:02:11]} Ka5 {[%clk 0:01:35]} 50. h3
{[%clk 0:01:02]} Re1 {[%clk 0:01:49]} 51. b4+ {[%clk 0:00:50]} cxb3
{[%clk 0:02:13]} 52. Kxb3 {[%clk 0:01:12]} Rh1 {[%clk 0:02:28]} 53. Rd2
{[%clk 0:01:00]} Rxh3 {[%clk 0:02:44]} 54. Rd6 {[%clk 0:01:02]} Rxf3
{[%clk 0:02:46]} 55. Rxf6 {[%clk 0:01:23]} g4 {[%clk 0:02:38]} 56. Rf8
{[%clk 0:01:40]} Ka6 {[%clk 0:02:54]} 57. Kc4 {[%clk 0:00:55]} g3
{[%clk 0:02:53]} 58. Rg8 {[%clk 0:00:38]} Rf2 {[%clk 0:02:51]} 59. Kd5
{[%clk 0:00:43]} Rc2 {[%clk 0:01:52]} 60. Ke4 {[%clk 0:00:38]} Rf2
{[%clk 0:01:27]} 61. Kd5 {[%clk 0:01:02]} Kb7 {[%clk 0:01:19]} 62. Rg7+
{[%clk 0:01:20]} Kb8 {[%clk 0:00:55]} 63. Kc6 {[%clk 0:01:03]} Rc2
{[%clk 0:00:54]} 64. Kxb6 {[%clk 0:01:13]} Rxc3 {[%clk 0:01:16]} 65. Rg4
{[%clk 0:00:37]} f3 {[%clk 0:00:50]} 66. Rxg3 {[%clk 0:00:35]} f2
{[%clk 0:01:11]} 67. Rxc3 {[%clk 0:01:04]} f1=Q {[%clk 0:01:31]} 68. Rc5
{[%clk 0:01:06]} Qf6+ {[%clk 0:01:43]} 69. Ka5 {[%clk 0:00:57]} Kb7
{[%clk 0:01:38]} 70. Rb5+ {[%clk 0:00:57]} Ka7 {[%clk 0:01:54]} 71. Kb4
{[%clk 0:01:07]} Qd4+ {[%clk 0:01:52]} 72. Ka3 {[%clk 0:00:34]} Ka6
{[%clk 0:02:06]} 73. Rb4 {[%clk 0:00:34]} Qc3+ {[%clk 0:01:34]} 74. Rb3
{[%clk 0:00:49]} Qc1+ {[%clk 0:01:30]} 75. Ka2 {[%clk 0:00:34]} Ka5
{[%clk 0:01:25]} 76. Rb5+ {[%clk 0:00:31]} Kxa4 {[%clk 0:01:30]} 77. Rb4+
{[%clk 0:00:48]} Ka5 {[%clk 0:01:47]} 78. Rb2 {[%clk 0:00:43]} Qc4+
{[%clk 0:01:51]} 79. Ka1 {[%clk 0:00:52]} Ka4 {[%clk 0:01:38]} 80. Rc2
{[%clk 0:01:03]} Qd4+ {[%clk 0:01:34]} 81. Ka2 {[%clk 0:00:49]} Kb4
{[%clk 0:01:16]} 82. Rc1 {[%clk 0:00:34]} Qd2+ {[%clk 0:01:13]} 83. Kb1
{[%clk 0:00:48]} Kb3 {[%clk 0:01:15]} 84. Rc3+ {[%clk 0:00:59]} Kxc3
{[%clk 0:01:34]} 0-1

[Event "EYCC 2024 - G12"]
[Site "?"]
[Date "2024.08.23"]
[Round "2.13"]
[White "Alfaro Aldunate, Amaya"]
[Black "Lackova, Lucie"]
[Result "0-1"]
[BlackElo "1605"]
[WhiteElo "1725"]
[LiveChessVersion "1.4.8"]

1. e4 {[%clk 1:30:58]} c6 {[%clk 1:30:57]} 2. d4 {[%clk 1:31:20]} d5
{[%clk 1:31:21]} 3. exd5 {[%clk 1:31:39]} cxd5 {[%clk 1:31:45]} 4. c3
{[%clk 1:31:58]} Nf6 {[%clk 1:31:35]} 5. Bf4 {[%clk 1:29:02]} Nc6
{[%clk 1:31:38]} 6. Nf3 {[%clk 1:29:18]} Bg4 {[%clk 1:31:41]} 7. Qb3
{[%clk 1:28:56]} Qc8 {[%clk 1:25:52]} 8. Nbd2 {[%clk 1:28:49]} e6
{[%clk 1:23:38]} 9. Bd3 {[%clk 1:23:35]} Be7 {[%clk 1:23:45]} 10. O-O
{[%clk 1:20:15]} O-O {[%clk 1:24:01]} 11. Qc2 {[%clk 1:19:40]} h6
{[%clk 1:22:27]} 12. Ne5 {[%clk 1:15:27]} Nxe5 {[%clk 1:22:14]} 13. dxe5
{[%clk 1:15:02]} Nd7 {[%clk 1:22:09]} 14. h3 {[%clk 1:13:40]} Bh5
{[%clk 1:20:43]} 15. g4 {[%clk 1:06:51]} Bg6 {[%clk 1:19:03]} 16. Bxg6
{[%clk 1:06:23]} fxg6 {[%clk 1:19:20]} 17. Bxh6 {[%clk 1:00:48]} Kh7
{[%clk 1:16:25]} 18. Be3 {[%clk 0:58:38]} Nxe5 {[%clk 1:16:04]} 19. f4
{[%clk 0:55:25]} Nc6 {[%clk 1:14:12]} 20. Nb3 {[%clk 0:55:10]} b6
{[%clk 1:10:41]} 21. Rad1 {[%clk 0:53:11]} Bd6 {[%clk 1:01:41]} 22. Rd2
{[%clk 0:45:58]} Ne7 {[%clk 0:57:07]} 23. Rdf2 {[%clk 0:39:54]} Bc5
{[%clk 0:54:06]} 24. Bd4 {[%clk 0:37:21]} a5 {[%clk 0:53:03]} 25. a4
{[%clk 0:37:23]} Qc6 {[%clk 0:51:03]} 26. Nxc5 {[%clk 0:29:53]} bxc5
{[%clk 0:51:17]} 27. Be5 {[%clk 0:30:20]} Qd7 {[%clk 0:50:11]} 28. h4
{[%clk 0:29:32]} Kg8 {[%clk 0:48:48]} 29. Rh2 {[%clk 0:29:34]} Nc6
{[%clk 0:45:39]} 30. Qxg6 {[%clk 0:26:09]} Nxe5 {[%clk 0:45:38]} 31. fxe5
{[%clk 0:26:38]} Rxf1+ {[%clk 0:45:15]} 32. Kxf1 {[%clk 0:27:06]} Re8
{[%clk 0:37:36]} 33. Qc2 {[%clk 0:19:50]} Qc7 {[%clk 0:30:18]} 34. Qe2
{[%clk 0:16:57]} d4 {[%clk 0:28:14]} 35. Rf2 {[%clk 0:15:56]} Rd8
{[%clk 0:24:59]} 36. cxd4 {[%clk 0:09:18]} cxd4 {[%clk 0:25:15]} 37. Qc2
{[%clk 0:09:10]} Qxe5 {[%clk 0:24:24]} 38. Qd3 {[%clk 0:08:50]} Qd5
{[%clk 0:24:21]} 39. h5 {[%clk 0:07:53]} e5 {[%clk 0:24:10]} 40. Rf5
{[%clk 0:07:24]} Qh1+ {[%clk 0:23:41]} 41. Ke2 {[%clk 0:07:29]} Qg2+
{[%clk 0:23:48]} 42. Ke1 {[%clk 0:07:16]} Rc8 {[%clk 0:16:37]} 43. Qd2
{[%clk 0:07:36]} Qxg4 {[%clk 0:14:53]} 44. Rg5 {[%clk 0:07:10]} Qe4+
{[%clk 0:14:51]} 45. Kd1 {[%clk 0:06:39]} Qb1+ {[%clk 0:15:10]} 46. Ke2
{[%clk 0:06:58]} Rc2 {[%clk 0:15:31]} 0-1

[Event "EYCC 2024 - G12"]
[Site "?"]
[Date "2024.08.23"]
[Round "2.14"]
[White "Bogomolnikova, Zlata"]
[Black "Mataczyna, Aleksandra"]
[Result "0-1"]
[BlackElo "1720"]
[WhiteElo "1614"]
[LiveChessVersion "1.4.8"]

1. d4 {[%clk 1:30:54]} d5 {[%clk 1:30:48]} 2. c4 {[%clk 1:30:02]} e6
{[%clk 1:31:08]} 3. cxd5 {[%clk 1:30:26]} exd5 {[%clk 1:31:32]} 4. Nc3
{[%clk 1:30:08]} c6 {[%clk 1:31:56]} 5. Qc2 {[%clk 1:30:11]} g6 {[%clk 1:27:20]}
6. Bf4 {[%clk 1:23:17]} Nf6 {[%clk 1:16:53]} 7. e3 {[%clk 1:21:41]} Bf5
{[%clk 1:17:12]} 8. Bd3 {[%clk 1:22:00]} Bxd3 {[%clk 1:17:30]} 9. Qxd3
{[%clk 1:22:23]} Bd6 {[%clk 1:10:44]} 10. Nge2 {[%clk 1:19:55]} Bxf4
{[%clk 1:10:40]} 11. Nxf4 {[%clk 1:20:14]} Nbd7 {[%clk 1:09:03]} 12. O-O
{[%clk 1:18:46]} O-O {[%clk 1:09:15]} 13. f3 {[%clk 1:16:14]} Qb6
{[%clk 0:58:54]} 14. a3 {[%clk 1:12:20]} Rad8 {[%clk 0:54:20]} 15. Qd2
{[%clk 1:07:57]} Rfe8 {[%clk 0:52:58]} 16. Nd3 {[%clk 1:06:53]} Qc7
{[%clk 0:48:39]} 17. Na4 {[%clk 1:01:36]} Nh5 {[%clk 0:44:42]} 18. Nac5
{[%clk 0:59:47]} Nb6 {[%clk 0:42:25]} 19. b3 {[%clk 0:52:50]} Nc8
{[%clk 0:41:29]} 20. Rac1 {[%clk 0:51:27]} Nd6 {[%clk 0:41:01]} 21. g4
{[%clk 0:47:48]} Ng7 {[%clk 0:32:59]} 22. Nf4 {[%clk 0:46:27]} f5
{[%clk 0:21:42]} 23. g5 {[%clk 0:38:35]} Qe7 {[%clk 0:21:41]} 24. Ng2
{[%clk 0:37:24]} Qxg5 {[%clk 0:21:34]} 25. Qb4 {[%clk 0:37:31]} Rxe3
{[%clk 0:20:05]} 26. Qd2 {[%clk 0:35:51]} f4 {[%clk 0:20:14]} 27. Kh1
{[%clk 0:34:00]} Re7 {[%clk 0:18:49]} 28. Rce1 {[%clk 0:30:16]} Rde8
{[%clk 0:17:20]} 29. Rxe7 {[%clk 0:29:41]} Rxe7 {[%clk 0:16:54]} 30. Re1
{[%clk 0:29:38]} Ngf5 {[%clk 0:05:40]} 31. Ne6 {[%clk 0:28:53]} Qf6
{[%clk 0:05:28]} 32. Nexf4 {[%clk 0:28:41]} Qxd4 {[%clk 0:04:35]} 33. Qc1
{[%clk 0:27:25]} Qf6 {[%clk 0:03:31]} 34. Qc5 {[%clk 0:26:19]} Rxe1+
{[%clk 0:02:22]} 35. Nxe1 {[%clk 0:26:47]} Qd4 {[%clk 0:02:28]} 36. Qc1
{[%clk 0:25:47]} Qe3 {[%clk 0:02:43]} 37. Qxe3 {[%clk 0:25:11]} Nxe3
{[%clk 0:03:06]} 38. Kg1 {[%clk 0:25:20]} Kf7 {[%clk 0:01:32]} 39. Kf2
{[%clk 0:25:41]} Nef5 {[%clk 0:01:08]} 40. Ned3 {[%clk 0:25:30]} Kf6
{[%clk 0:01:01]} 41. a4 {[%clk 0:25:20]} a5 {[%clk 0:00:53]} 42. b4
{[%clk 0:25:20]} axb4 {[%clk 0:01:12]} 43. Nxb4 {[%clk 0:25:40]} Ke5
{[%clk 0:01:24]} 44. Ne2 {[%clk 0:25:17]} Nc4 {[%clk 0:01:17]} 45. Nd3+
{[%clk 0:25:14]} Kd6 {[%clk 0:01:30]} 46. Nec1 {[%clk 0:23:57]} Kc7
{[%clk 0:01:09]} 47. Nb3 {[%clk 0:23:57]} b6 {[%clk 0:01:02]} 48. Nb4
{[%clk 0:23:23]} Kd6 {[%clk 0:01:11]} 49. Nd3 {[%clk 0:23:19]} c5
{[%clk 0:01:26]} 50. f4 {[%clk 0:22:58]} Na5 {[%clk 0:00:58]} 51. Nbc1
{[%clk 0:22:42]} c4 {[%clk 0:01:05]} 52. Ne5 {[%clk 0:23:06]} Kc5
{[%clk 0:00:39]} 53. Nd7+ {[%clk 0:23:17]} Kc6 {[%clk 0:00:59]} 54. Ne5+
{[%clk 0:23:31]} Kd6 {[%clk 0:01:08]} 55. Na2 {[%clk 0:23:05]} d4
{[%clk 0:00:43]} 56. Nb4 {[%clk 0:23:11]} Ne7 {[%clk 0:00:48]} 57. Nf7+
{[%clk 0:20:49]} Kc5 {[%clk 0:00:38]} 58. Na6+ {[%clk 0:20:54]} Kd5
{[%clk 0:00:42]} 59. Kf3 {[%clk 0:20:19]} c3 {[%clk 0:00:53]} 60. Ne5
{[%clk 0:20:26]} Nf5 {[%clk 0:00:36]} 61. Nb4+ {[%clk 0:20:02]} Kc5
{[%clk 0:00:53]} 62. Na6+ {[%clk 0:20:09]} Kd6 {[%clk 0:01:07]} 63. Nb4
{[%clk 0:19:01]} Nb3 {[%clk 0:01:14]} 64. Ke2 {[%clk 0:16:12]} Nc5
{[%clk 0:01:28]} 65. Nc4+ {[%clk 0:15:53]} Kc7 {[%clk 0:00:34]} 66. a5
{[%clk 0:12:55]} bxa5 {[%clk 0:00:59]} 67. Nxa5 {[%clk 0:12:26]} Kb6
{[%clk 0:01:18]} 68. Nac6 {[%clk 0:11:34]} d3+ {[%clk 0:01:34]} 69. Nxd3
{[%clk 0:11:17]} Kxc6 {[%clk 0:01:53]} 70. Ne5+ {[%clk 0:11:32]} Kd5
{[%clk 0:01:54]} 71. Nf7 {[%clk 0:11:15]} c2 {[%clk 0:02:09]} 72. Kd2
{[%clk 0:11:35]} Ne3 {[%clk 0:02:35]} 73. f5 {[%clk 0:11:53]} Nb3+
{[%clk 0:02:55]} 74. Kd3 {[%clk 0:12:10]} c1=Q {[%clk 0:03:14]} 75. fxg6
{[%clk 0:12:33]} Qd2# {[%clk 0:03:34]} 0-1

[Event "EYCC 2024 - G12"]
[Site "?"]
[Date "2024.08.23"]
[Round "2.15"]
[White "Mirzaliyeva, Fatima Eldar"]
[Black "Pribylla, Amelia"]
[Result "1-0"]
[BlackElo "1701"]
[WhiteElo "1604"]
[LiveChessVersion "1.4.8"]

1. e4 {[%clk 1:30:56]} e5 {[%clk 1:30:49]} 2. Nf3 {[%clk 1:31:19]} Nc6
{[%clk 1:31:05]} 3. Bb5 {[%clk 1:31:43]} Bc5 {[%clk 1:31:23]} 4. c3
{[%clk 1:32:06]} Nf6 {[%clk 1:31:43]} 5. d3 {[%clk 1:30:47]} d6 {[%clk 1:31:28]}
6. O-O {[%clk 1:29:33]} O-O {[%clk 1:31:25]} 7. Bg5 {[%clk 1:26:34]} a6
{[%clk 1:29:02]} 8. Bc4 {[%clk 1:25:11]} Na5 {[%clk 1:26:04]} 9. Nbd2
{[%clk 1:21:16]} Nxc4 {[%clk 1:25:38]} 10. Nxc4 {[%clk 1:21:35]} Be6
{[%clk 1:24:40]} 11. Ne3 {[%clk 1:19:20]} c6 {[%clk 1:23:30]} 12. Qc2
{[%clk 1:17:59]} h6 {[%clk 1:18:40]} 13. Bh4 {[%clk 1:18:10]} Bxe3
{[%clk 1:13:42]} 14. fxe3 {[%clk 1:18:20]} Qb6 {[%clk 1:12:47]} 15. Bxf6
{[%clk 1:09:12]} Qxe3+ {[%clk 1:12:36]} 16. Kh1 {[%clk 1:09:33]} gxf6
{[%clk 1:12:26]} 17. Rae1 {[%clk 1:08:51]} Qf4 {[%clk 1:11:28]} 18. Nd4
{[%clk 1:07:23]} Qg5 {[%clk 1:10:05]} 19. Nf5 {[%clk 0:52:28]} d5
{[%clk 1:08:17]} 20. Rf3 {[%clk 0:51:49]} Kh8 {[%clk 1:06:18]} 21. Qf2
{[%clk 0:50:14]} dxe4 {[%clk 1:04:22]} 22. Rxe4 {[%clk 0:49:37]} Bd5
{[%clk 0:54:41]} 23. Rg3 {[%clk 0:48:57]} Qh5 {[%clk 0:54:26]} 24. Rh4
{[%clk 0:48:59]} Qd1+ {[%clk 0:54:37]} 25. Qg1 {[%clk 0:49:26]} Qxg1+
{[%clk 0:54:11]} 26. Kxg1 {[%clk 0:49:51]} Bxg2 {[%clk 0:53:19]} 27. Rxh6#
{[%clk 0:50:16]} 1-0

[Event "EYCC 2024 - G12"]
[Site "?"]
[Date "2024.08.23"]
[Round "2.16"]
[White "Allahverdi, Zahra"]
[Black "Rusitashvili, Tea"]
[Result "1/2-1/2"]
[BlackElo "1547"]
[WhiteElo "1698"]
[LiveChessVersion "1.4.8"]

1. d4 {[%clk 1:30:57]} d5 {[%clk 1:30:54]} 2. c4 {[%clk 1:31:20]} e6
{[%clk 1:31:19]} 3. Nf3 {[%clk 1:31:40]} Nf6 {[%clk 1:31:23]} 4. g3
{[%clk 1:31:47]} dxc4 {[%clk 1:31:15]} 5. Qa4+ {[%clk 1:31:14]} Nbd7
{[%clk 1:30:59]} 6. Bg2 {[%clk 1:30:35]} a6 {[%clk 1:29:25]} 7. Nc3
{[%clk 1:30:04]} Rb8 {[%clk 1:28:03]} 8. Qxc4 {[%clk 1:30:05]} b5
{[%clk 1:28:00]} 9. Qd3 {[%clk 1:29:40]} Bb7 {[%clk 1:26:59]} 10. O-O
{[%clk 1:25:07]} c5 {[%clk 1:24:06]} 11. Bf4 {[%clk 1:10:06]} Rc8
{[%clk 1:18:42]} 12. Ng5 {[%clk 1:05:00]} Bxg2 {[%clk 1:15:44]} 13. Kxg2
{[%clk 1:05:20]} cxd4 {[%clk 1:13:28]} 14. Qxd4 {[%clk 1:03:39]} Bc5
{[%clk 1:13:02]} 15. Qd3 {[%clk 1:01:41]} O-O 16. h4 e5 17. Be3 h6 18. Rh1 Bxe3
19. Qxe3 Qb6 20. Qf3 hxg5 21. hxg5 g6 22. gxf6 Nxf6 23. g4 Kg7 24. e3 Qc6 25. e4
Rh8 26. Rad1 Qe6 27. Kg3 Rxh1 28. Rxh1 Rh8 29. Rxh8 Kxh8 30. Nd5 Kg7 31. b3 Qd6
32. Kg2 Nh7 33. Qe3 Nf6 34. Nxf6 Qxf6 35. g5 Qe7 36. f4 Qe6 37. Kg3 f6 38. Qa7+
Kf8 39. Qb8+ Kf7 40. Qb7+ Kf8 41. Qb8+ Kf7 42. Qb7+ 1/2-1/2